Problemas de la ciencia

Salvato in:
Dettagli Bibliografici
Autore principale: Enriques, Federico (Autore)
Natura: Libro
Lingua:spagnolo
Pubblicazione: Buenos Aires Espasa-Calpe 1947
Serie:Historia y Filosofía de la Ciencia
Soggetti:
Tags: Aggiungi Tag
Nessun Tag, puoi essere il primo ad aggiungerne!!

MARC

LEADER 00000nam a2200000 a 4500
001 UCH2978
003 CL-VaPUC
008 090709e19470000AG |||||||||||||||||spa|d
082 0 4 |a 530.1  |b ENR  |2 21 
100 0 |a Enriques, Federico  |e author  |9 538064 
245 1 0 |a Problemas de la ciencia 
300 |a 298 p 
942 |c BK 
945 |d 20090709 00:00:00  |a rbrito 
260 |a Buenos Aires  |b Espasa-Calpe  |c 1947 
650 0 |a Geometría   |9 264063 
650 0 |a Mecánica   |9 260096 
650 0 |a Filosofía de las ciencias  |9 256466 
650 0 |a Física   |9 227844 
583 |a last modification  |c 20120930 10:34:06  |k Rodrigo Vera 
490 0 |a Historia y Filosofía de la Ciencia 
999 |c 334636  |d 334634 
952 |0 0  |1 0  |4 0  |6 530_100000000000000_ENR_1947  |7 0  |8 A  |9 423755  |a BIBCUR  |b BIBCUR  |d 2019-11-22  |i 452859K  |l 1  |o 530.1 ENR 1947  |p 452859K  |r 2025-04-22  |s 2023-08-14  |w 2019-11-22  |y BK  |k FIS